Memoria dels treballs fets des de la seva fundació fins al 31 de desembre de 1915 / Secretariat d'Aprenentatge
Descripción Física:
35 p. ; 24 cm
MARC
| LEADER | 00000nam a2200000Ia 4500 | ||
|---|---|---|---|
| 001 | 17605 | ||
| 008 | 160829s1916 xx 000 0 cat d | ||
| 952 | |0 0 |1 0 |4 0 |6 3408_EXP_13 |7 1 |9 53951 |a Arxiu |b Arxiu |d 2016-12-01 |l 0 |o 3408, exp. 13 |p 17605 |r 2016-12-01 00:00:00 |w 2016-12-01 |y ARXIU | ||
| 999 | |c 57818 |d 57818 | ||
| 080 | |a 3408, exp. 13 | ||
| 100 | |a Secretariat d'Aprenentatge (Barcelona) |9 47541 | ||
| 245 | |a Memoria dels treballs fets des de la seva fundació fins al 31 de desembre de 1915 / Secretariat d'Aprenentatge | ||
| 260 | |a Barcelona : |b [s.n.], |c 1916 | ||
| 300 | |a 35 p. ; |c 24 cm | ||
| 590 | |a El nom de l'entitat és: Institut d'Orientació Professional (Barcelona) | ||
| 650 | |a Institut d'Orientació Professional (Barcelona) |x Memòria |9 47542 | ||
| 901 | |a Arxiu | ||
| 942 | |n 1 |2 udc | ||